|
|
|
|
| LEADER |
00000cam a2200000 a 4500 |
| 001 |
vtls010869486 |
| 003 |
SK-MaSNL |
| 005 |
20260425230240.0 |
| 008 |
240318s2015 xo oa g 000 0dslo |
| 015 |
|
|
|a SNBA2016/08
|
| 020 |
|
|
|a 9788097129705
|q (viaz.)
|
| 035 |
|
|
|a 3330A6C6-8BAE-4593-959B-E06F72097320
|
| 035 |
|
|
|a urn:nbn:sk:snk-amtgrp
|
| 035 |
|
|
|a urn:nbn:sk:snk-am00bx84
|
| 040 |
|
|
|a SNK
|b slo
|c SNK
|e AACR2
|
| 041 |
0 |
|
|a slo
|a eng
|
| 043 |
|
|
|a e-xo---
|
| 044 |
|
|
|a xo
|c SK
|
| 072 |
|
7 |
|a 72
|x Architektúra
|2 konspekt
|
| 080 |
|
|
|a 72(437.6)
|2 2011
|
| 080 |
|
|
|a 72.071.1
|2 2011
|
| 080 |
|
|
|a 72.036/.038
|2 2011
|
| 080 |
|
|
|a 72.036.3
|2 2011
|
| 080 |
|
|
|a 72.012.2
|2 2011
|
| 080 |
|
|
|a 72.022.82
|2 2011
|
| 080 |
|
|
|a (437.6)
|2 2011
|
| 080 |
|
|
|a (084.11)
|2 2011
|
| 080 |
|
|
|a (048.8)
|2 2011
|
| 100 |
1 |
|
|a Alexy, Elena,
|d 1970-
|4 aut
|9 163589
|
| 245 |
1 |
0 |
|a KFA
|b architekt Norbet Šmondrk
|c Elena Alexy
|
| 246 |
3 |
0 |
|a Architekt Norbet Šmondrk
|
| 246 |
1 |
|
|i V tir. uvedené ako:
|a K.F.A. architekt Norbet Šmondrk
|
| 250 |
|
|
|a 1. vyd.
|
| 260 |
|
|
|a Bratislava
|b boomboom
|c 2015
|
| 300 |
|
|
|a 106 s.
|b fareb. fotogr., sch.
|c 26 cm
|
| 336 |
|
|
|a text
|b txt
|2 marccontent
|
| 337 |
|
|
|a bez média
|b n
|2 marcmedia
|
| 338 |
|
|
|a zväzok
|b nc
|2 marccarrier
|
| 500 |
|
|
|a Biogr. údaje
|
| 504 |
|
|
|a Súpis diel
|
| 546 |
|
|
|a Súbež. text v angl.
|
| 600 |
1 |
7 |
|a Šmondrk, Norbert,
|d 1966-
|2 SNKMA
|9 115496
|
| 610 |
2 |
7 |
|a K.F.A. Gallery (Bratislava, Slovensko)
|2 SNKKA
|9 420092
|
| 650 |
0 |
7 |
|a slovenská architektúra
|2 SNKPH
|9 2967
|
| 650 |
0 |
7 |
|a architekti
|2 SNKPH
|9 2959
|
| 650 |
0 |
7 |
|a moderná architektúra
|2 SNKPH
|9 68287
|
| 650 |
0 |
7 |
|a funkcionalizmus (architektúra)
|2 SNKPH
|9 88878
|
| 650 |
0 |
7 |
|a architektonické projekty
|2 SNKPH
|9 2951
|
| 650 |
0 |
7 |
|a architektonické ateliéry
|2 SNKPH
|9 31801
|
| 650 |
0 |
7 |
|a Slovak architecture
|2 SNKPHeng
|9 267156
|
| 650 |
0 |
7 |
|a Architects
|2 SNKPHeng
|9 275799
|
| 650 |
0 |
7 |
|a Modern architecture
|2 SNKPHeng
|9 276030
|
| 650 |
0 |
7 |
|a Funktionalism (architecture)
|2 SNKPHeng
|9 302991
|
| 650 |
0 |
7 |
|a Architectural projects
|2 SNKPHeng
|9 274864
|
| 650 |
0 |
7 |
|a Architectural studios
|2 SNKPHeng
|9 356002
|
| 651 |
|
7 |
|a Slovensko
|2 SNKPH
|9 14231
|
| 651 |
|
7 |
|a Slovakia
|2 SNKPHeng
|9 92630
|
| 655 |
|
7 |
|a obrazové publikácie
|2 SNKPH
|9 70343
|
| 655 |
|
7 |
|a prehľady
|2 SNKPH
|9 70194
|
| 655 |
|
7 |
|a Pictorial works
|2 SNKPHeng
|9 284468
|
| 655 |
|
7 |
|a Surveys
|2 SNKPHeng
|9 266058
|
| 919 |
|
|
|a 978-80-971297-0-5
|
| 999 |
|
|
|c 670552
|d 672482
|
| 952 |
|
|
|a SNK
|b SNK
|y PREZ
|7 0
|p 17A1199374
|o snkSB 90420
|i snk2016/17264
|8 0
|0 0
|1 0
|4 0
|d 2016-07-14
|f 1
|l 0
|r 2025-05-13 00:00:00
|w 2026-02-23
|
| 952 |
|
|
|a SNK
|b SNK
|y VYP
|7 0
|p 17A1199375
|o snkSB 90420 D1
|i snk2016/17265
|8 0
|0 0
|1 0
|4 0
|d 2016-07-14
|l 0
|r 2026-02-23 19:24:46
|w 2026-02-23
|